Statistics for Packers 2023-2024 roster

Click here to take the quiz!

General Stats

  • This quiz has been taken 333 times
  • The average score is 31 of 56

Answer Stats

HintAnswer% Correct
QBJordan Love
100%
HBAaron Jones
98%
WRChristian Watson
96%
HBAJ Dillon
95%
CBJaire Alexander
93%
WRRomeo Doubs
92%
TCaleb Jones
90%
WRJayden Reed
90%
TELuke Musgrave
84%
QBSean Clifford
83%
WRDontayvion Wicks
82%
TETucker Kraft
77%
SDarnell Savage
74%
DLKenny Clark
74%
ILBQuay Walker
74%
TRasheed Walker
73%
OLBPreston Smith
72%
KAnders Carlson
70%
OLBRashan Gary
70%
TDavid Bakhtiari
65%
ILBDe'Vondre Campbell
62%
CBCarrington Valentine
61%
HBEmanuel Wilson
60%
CBEric Stokes
59%
ILBEric Wilson
59%
TEJosiah Deguara
58%
OLBLukas Van Ness
57%
SRudy Ford
57%
GElgton Jenkins
56%
WRSamori Toure
56%
TZach Tom
56%
CBKeisean Nixon
55%
WRMalik Heath
54%
DLDevonte Wyatt
53%
CJosh Myers
53%
CBRasul Douglas
53%
GJon Runyan
51%
SJonathan Owens
49%
ILBIsaiah McDuffie
41%
SAnthony Johnson Jr.
35%
TYosh Nijman
35%
P
Daniel Whelan
34%
TEBen Sims
33%
DLT.J. Slaton
33%
OLBKingsley Enagbare
32%
GSean Rhyan
31%
DLKarl Brooks
29%
TETyler Davis
26%
GRoyce Newman
25%
DLColby Wooden
22%
OLBBrenton Cox Jr.
16%
LSMatt Orzech
16%
SZayne Anderson
16%
SDallin Leavitt
10%
OLBJustin Hollins
9%
TLuke Tenuta
3%

Score Distribution

Percentile by Number Answered

Percent of People with Each Score

Your Score History

You have not taken this quiz